Estado e propriedade : (Record no. 415)

MARC details
000 -LÍDER
Campo Fixo de Controle 01086nam a2200277 a 4500
001 - NÚMERO DE CONTROLE
Campo de Controle 415
003 - IDENTIFICAÇÃO DO NÚMERO DE CONTROLE
Campo de Controle BR-CuiBMT
005 - DATA E HORA DA ÚLTIMA ATUALIZAÇÃO
Campo de Controle 20231106215552.0
008 - DADOS FIXOS
Dados Fixos 230804s2015 mgba 000 0 por d
020 ## - INTERNATIONAL STANDARD BOOK NUMBER
Nº do ISBN 9788545000716
040 ## - AGÊNCIA CATALOGADORA
Código da Agência Catalogadora BR-CuiBMT
Agência que transcreveu o registro BR-CuiBMT
080 ## - Nº DA CLASSIFICAÇÃO DECIMAL UNIVERSAL
Nº Class. CDU 347.233
Nº edição CDU 2007
090 ## - NÚMERO DE CHAMADA
Nº classificação 347.233
Cutter E79
245 10 - TÍTULO PRINCIPAL
Título principal Estado e propriedade :
Subtítulo estudos em homenagem à professora Maria Coeli Simões Pires /
Indicação de responsabilidade Maria Tereza Fonseca Dias ... [et al.], corrdenadores ; prefácio Antonio Augusto Junho Anastasia; [autores Adhemar Ferreira Maciel ... et al.]
260 ## - PUBLICAÇÃO, DISTRIBUIÇÃO, ETC.
Local de publicação Belo Horizonte :
Editora Fórum,
Data 2015.
300 ## - DESCRIÇÃO FÍSICA
N. páginas ou volumes 453 p. ;
Ilustrações il. :
Dimensões 24 cm
504 ## - NOTA DE BIBLIOGRAFIA, ETC.
Nota de bibliografia Inclui bibliografia.
600 ## - ASSUNTO -- NOME PESSOAL
Nome pessoal Pires, Maria Coeli Simões, 1952-
Títulos e outras palavras associadas ao nome Professora
650 ## - ASSUNTO TÓPICO
Cabeçalho tópico ou nome geográfico Direito administrativo
650 ## - ASSUNTO TÓPICO
Cabeçalho tópico ou nome geográfico Administração pública
Subdivisão geral Aspectos jurídicos
650 ## - ASSUNTO TÓPICO
Cabeçalho tópico ou nome geográfico Propriedade urbana
Subdivisão geral Regime jurídico
Subdivisão geográfica Brasil
650 ## - ASSUNTO TÓPICO
Cabeçalho tópico ou nome geográfico Regularização fundiária
Subdivisão geográfica Brasil
700 1# - ENTRADA SECUNDÁRIA -- NOME PESSOAL
Nome pessoal Dias, Maria Tereza Fonseca
Cód. do termo explicativo et al.
-- coord.
700 1# - ENTRADA SECUNDÁRIA -- NOME PESSOAL
Nome pessoal Maciel, Adhemar Ferreira
Cód. do termo explicativo et al.
-- autores
942 ## - ELEMENTOS DE ENTRADA ADICIONAIS (KOHA)
Fonte de classificação ou esquema de arquivamento Classificação Decimal Universal
Tipo de item do Koha Livros
Holdings
Estado: removido Estado: perdido Fonte de classificação ou esquema de arquivamento Estado: danificado Indisponível para empréstimo Localização permanente Localização atual Data de aquisição Total Checkouts Número de Chamada completo Código de barras Date last seen Número do exemplar Preço efetivo a partir de Tipo de item (Koha)
    Classificação Decimal Universal     Biblioteca da Escola Superior de Contas do TCE/MT Biblioteca da Escola Superior de Contas do TCE/MT 01/08/2019   347.233 E79 BIBTCEMT23110141 06/11/2023 Ex. 1 06/11/2023 Livros
    Classificação Decimal Universal     Biblioteca da Escola Superior de Contas do TCE/MT Biblioteca da Escola Superior de Contas do TCE/MT 01/08/2019   347.233 E79 BIBTCEMT23110177 06/11/2023 Ex. 2 06/11/2023 Livros

Powered by Koha